Hùng Vương dựng nước : Kỷ yếu của hội nghị nghiên cứu thời kỳ Hùng Vương lần thứ 4, tháng 4-1971 . t. IV

Spremljeno u:
Bibliografski detalji
Format: Sách giấy
Jezik:Vietnamese
Izdano: Hà Nội : Khoa học Xã hội , 1974
Oznake: Dodaj oznaku
Bez oznaka, Budi prvi tko označuje ovaj zapis!
Thư viện lưu trữ: Thư viện Trường Đại học Đà Lạt
LEADER 00646nam a2200241 4500
001 DLU020014289
005 ##6/26/2000
020 # # |a 978- 
041 # # |a vie 
082 # # |a 959.703  |b VIE 
090 # # |a 959.703  |b VIE 
245 # # |a Hùng Vương dựng nước :  |b Kỷ yếu của hội nghị nghiên cứu thời kỳ Hùng Vương lần thứ 4, tháng 4-1971 .  |n t. IV 
260 # # |a Hà Nội :  |b Khoa học Xã hội ,  |c 1974 
300 # # |a 452 tr.;   |c 26 cm. 
992 # # |a 685 
994 # # |a DLU 
900 # # |a False 
911 # # |a Administrator 
925 # # |a G 
926 # # |a A 
927 # # |a SH 
980 # # |a Thư viện Trường Đại học Đà Lạt